000 00591nam a2200229 a 4500
001 nice12345678
003 IN_TiNIC
005 20260116015344.0
008 100421s1982 newa grp 000 0 eng
020 _a
_c25
082 0 0 _a808.4
_bRAO
100 _aRao, Vemaraju Narasimha
245 _aLighter Side Up
_b (recollections & Reflections)
260 _aNew Delhi
_bYMCA Pubs.House
_c1982
300 _a46p
500 _aincludes index and biblioraphy
650 _aEssays-Collection
700 1 _aRao, Vemaraju Narasimha
902 _bSRS
942 _cBK
999 _c19366
_d19366